El terror rojo en Rusia: 1918-1924
Saved in:
| 主要作者: | |
|---|---|
| 格式: | 圖書 |
| 語言: | 西班牙语 |
| 出版: |
Madrid
Caro Raggio
1927
|
| 主題: | |
| 標簽: |
添加標簽
沒有標簽, 成為第一個標記此記錄!
|
MARC
| LEADER | 00000nam a2200000 a 4500 | ||
|---|---|---|---|
| 001 | UCO1686 | ||
| 003 | CL-VaPUC | ||
| 008 | 000519e19270000SP |||||||||||||||||spa|d | ||
| 082 | 0 | 4 | |a 947.0841 |b MEL |2 21 |
| 100 | |a Melgounov, Sergei Petrovich |e autor |9 444157 | ||
| 245 | 1 | 3 | |a El terror rojo en Rusia: 1918-1924 |
| 300 | |a 339 p | ||
| 942 | |c BK | ||
| 945 | |d 20000519 00:00:00 |a rherrera | ||
| 260 | |a Madrid |b Caro Raggio |c 1927 | ||
| 650 | 7 | |a HISTORIA DE RUSIA 1917 |2 CL-VaPUC |9 442338 | |
| 650 | 7 | |a REVOLUCION RUSA 1917 |2 CL-VaPUC |9 366175 | |
| 651 | 0 | |a Rusia |9 256106 | |
| 583 | |a last modification |c 20120830 11:00:03 |k Rodrigo Vera | ||
| 999 | |c 288290 |d 288288 | ||
| 952 | |0 0 |1 0 |4 0 |6 947_084100000000000_MEL_1927 |7 0 |8 X |9 335872 |a BIBHIS |b BIBHIS |d 2019-11-20 |i 1282492 |o 947.0841 MEL 1927 |p 1282492 |r 2024-01-30 |w 2019-11-20 |y BK_X |k HIS | ||